| 000 | 00398nam a2200145Ia 4500 | ||
|---|---|---|---|
| 008 | 100415s9999 xx 000 0 und d | ||
| 082 |
_b10363 _a582.16(54) |
||
| 100 | _aBlatter E. | ||
| 245 | _aSome beautiful Indian trees | ||
| 260 |
_aLONDON _c1937 _bJOHN BALE, SONS & CURNOW |
||
| 365 | _b0 | ||
| 630 | _aSome beautiful Indian trees | ||
| 730 | _aSome beautiful Indian trees | ||
| 942 | _cBOOK | ||
| 999 |
_c593292 _d593289 |
||